Регионална библиотека "Любен Каравелов" - Русе

Дъбчето (Запис номер 147268)

MARC детайли
000 -Лидер
Контролно поле с фиксирана дължина 01699nam a2200361 c 4500
003 - Код на организацията, давaща контролен номер
Контролно поле BLK
005 - Дата и час на последна редакция
Контролно поле 20180422112750.0
008 - Елементи от данни с фиксирана дължина
fixed length control field 180410b bul|||||r ||||||| ||bul||
010 ## - Наследен системен номер
LC control number KNG00153477000
040 ## - Източник на каталожния запис
Идентификатор на билиотеката - собственик на записа BLK
041 ## - Код за език
Код за езика на текст/звукозапис или на отделно заглавие Български
Код за езика КДБФ Български
080 ## - УДК
Текстов определител УДК Руска литература
УДК код - определител по УДК 821.161.1
УДК определител -93-322.6
УДК - код + определител 821.161.1-93-322.6
100 1# - Редна дума - Автор
Автор Макрушенко, Павло
Авторска отговорност първи автор
R(LIN) 329556
139 ## - Редно поле
Редна дума Макрушенко, Павло
Авторски знак Марк - М 32
245 10 - Сведения за заглавието
Заглавие Дъбчето
Подзаглавни данни [Разказ за Владимир И. Ленин] : За нач. училищна възраст
Редно поле (дума) Павло Макрушенко; прев. от рус. Людмила Леонидова Паспалеева; ил. Тодор Бойчев Атанасов.
257 ## - Страна на издаване
Страна на създаване/издаване СССР
260 ## - Област на издателските данни
-- София
Име на издателя, разпространителя и проч. Бълг. художник
Година на издаване 1977
Печатница София : ДПК Д. Благоев
300 ## - Физическа характеристика
Страници 16 с.
Илюстрации и др. с ил.
Размери/Мащаб 28 см
380 ## - Жанр
Жанр Детска худож. лит.
500 ## - Общи забележки
Забележка Ориг. загл. Дубок / П. Макрушенко. - 60 120 тир.
600 14 - Име на лице, използвано като предмет
За него / За нея Ленин, Владимир Илич
9 (RLIN) 364996
650 #4 - Допълнително описание по предмет – тема
Основно описание – тема или топоним Ленин, Владимир Илич - в художествената литература
9 (RLIN) 261912
651 #4 - Допълнително описание по предмет - топоним
Географско понятие СССР
9 (RLIN) 179592
653 ## - Ключова дума – ненормативна
Ключова дума детска литература
653 ## - Ключова дума – ненормативна
Ключова дума разкази
700 1# - Други автори (авторска отговорност)
Лично име Паспалеева, Людмила Леонидова
Автороска отговорност (Описва отношението между автора и произведението) прев. от рус.
9 (RLIN) 380075
700 1# - Други автори (авторска отговорност)
Лично име Атанасов, Тодор Бойчев
Автороска отговорност (Описва отношението между автора и произведението) ил.
9 (RLIN) 329557
852 ## - Местоположение
Форматна сигнатура Цб ІІ 19060
856 4# - Електронен адрес и достъп
Електронен формат pdf - файл
Път до файла /url/
856 4# - Електронен адрес и достъп
Електронен формат pdf - файл
Път до файла /url/
942 ## - АРТИКУЛИ
Вид на библиотечния материал Книги
Скрит в OPAC Не
944 ## - СЪЗДАВАНЕ И РЕДАКЦИЯ на ЗАПИСА
Създаване/Редакция Създаване
Дата на регистрацията/редакция 18.11.2013
Статус, дата на статуса 18.11.2013 - от С1,Р / 18.11.2013
Служител, извършил регистрацията/редакцията Севдалина_Василева
944 ## - СЪЗДАВАНЕ И РЕДАКЦИЯ на ЗАПИСА
Създаване/Редакция Редакция
Дата на регистрацията/редакция 18.11.2013
Статус, дата на статуса 18.11.2013 - от С1,Р / 18.11.2013
Служител, извършил регистрацията/редакцията
999 ## - СИСТЕМНИ КОНТРОЛНИ НОМЕРА
Koha biblionumber 147268
Koha biblioitemnumber 147268
Наличности
Код за отписване Код за изгубен артикул Източник на класификационната схема Код за повреда Коз за рестрикции Код за отдаване Артикулен № Име на библиотеката - собственик Име на библиотеката, в която се намира в момента Статус (Текущо местоположение) Дата на вписване в системата Местоположение - отдел Цена в лева Инвентарен номер Систематично азбучна сигнатура Баркод Номер на екземпляра Цена в евро Служебна бележка Служебен тип на артикула Бележка за публиката
  Не е изгубен Universal Decimal Classification Не е повреден само за читалня ползва се в читалня 244919 Регионална библиотека "Любен Каравелов" Русе Регионална библиотека "Любен Каравелов" Русе Хранилище 1977-01-01 Хранилище 0.29 234515 Цб ІІ 19060 120000234515 1 0.15 Дост: Dp Вид: Д N: стар фонд Дата: 01.01.1977 Книги  
Изтеглен Не е изгубен   Не е повреден без рестрикции заемане за дома 244920 Регионална библиотека "Любен Каравелов" Русе Регионална библиотека "Любен Каравелов" Русе   1977-01-01 Детски отдел 0.29 234369 ДХ 820/899/М 32 234369 2 0.15 Дост: Pk Вид: Ф N: стар фонд Дата: 01.01.1977 Дата инв: 12.09.2015 Бележки инв: Д2015 Книги Отч.N: 37/17 , Дата: 06.09.2017
Vip Innovations Ltd, Rousse, Bulgaria 2025